Para una filosofía política crítica: ensayos

Guardat en:
Dades bibliogràfiques
Autor principal: Abensour, Miguel (Autor)
Format: Llibre
Idioma:espanyol
Publicat: Barcelona Anthropos 2007
Edició:1a. ed
Col·lecció:Pensamiento Crítico. Pensamiento Utópico, 165
Matèries:
Etiquetes: Afegir etiqueta
Sense etiquetes, Sigues el primer a etiquetar aquest registre!

MARC

LEADER 00000nam a2200000 a 4500
001 UCI5358
003 CL-VaPUC
008 080320e20070000SP |||||||||||||||||spa|d
020 |a 9788476588314 
082 0 4 |a 321.01  |b ABE  |2 21 
100 0 |a Abensour, Miguel  |e author  |9 527677 
245 1 0 |a Para una filosofía política crítica: ensayos 
250 |a 1a. ed 
300 |a 325 p 
942 |c BK 
945 |d 20080320 00:00:00  |a jtorresc 
260 |a Barcelona  |b Anthropos  |c 2007 
650 7 |a FILOSOFIA POLITICA  |2 CL-VaPUC  |9 527678 
650 7 |a POLITICA CRITICA  |2 CL-VaPUC  |9 527679 
650 0 |a Pensamiento crítico  |9 455560 
583 |a last modification  |c 20080320 00:00:00  |k Rodrigo Vera 
490 0 |a Pensamiento Crítico. Pensamiento Utópico, 165 
999 |c 329110  |d 329108 
952 |0 0  |1 0  |4 0  |6 321_010000000000000_ABE_2007  |7 0  |8 A  |9 413438  |a BIBEDU  |b BIBEDU  |d 2019-11-22  |i 4418581  |o 321.01 ABE 2007  |p 4418581  |r 2019-11-22  |w 2019-11-22  |y BK  |k FIL